[Event "Reykjavik Open 2025"]
[Site "Reykjavik"]
[Date "2025.04.15"]
[Round "9.192"]
[White "Hildebrandt, Paul"]
[Black "Erlendsson Weinert, Robin Peter"]
[Result "1/2-1/2"]
[WhiteElo "1587"]
[WhiteFideId "34643702"]
[BlackElo "1405"]
[BlackFideId "2330954"]
[Variant "Standard"]
[StudyName "ROpen 2025 - Rd9 - Boards 173-END"]
1. e4 c5 2. d4 cxd4 3. c3 dxc3 4. Nxc3 Nc6 5. Nf3 g6 6. Bc4 Bg7 7. O-O Nf6 8. Qe2 O-O 9. Rd1 d6 10. e5 Ne8 11. Bf4 Bg4 12. h3 Bxf3 13. gxf3 Qc8 14. e6 f6 15. Nb5 Ne5 16. Bd5 a6 17. Rac1 Qb8 18. Nd4 Nc7 19. Bb3 Nb5 20. Nxb5 axb5 21. Rd2 Qa7 22. Rdc2 Qb6 23. Be3 Qa6 24. Rc7 Rfe8 25. Bd5 Rab8 26. R1c3 b4 27. Bc4 Nxc4 28. R3xc4 d5 29. Rc2 Qxe6 30. Kg2 Rec8 31. Qb5 Rxc7 32. Rxc7 Qd6 33. Rxb7 Rxb7 34. Qxb7 Kf7 35. Bd2 d4 36. Bxb4 Qd8 37. a4 d3 38. Bd2 f5 39. Qb3+ e6 40. Qb7+ Qe7 41. Qxe7+ Kxe7 42. b4 Kd7 43. f4 Kc6 44. Kf3 Kd5 1/2-1/2

[Event "Reykjavik Open 2025"]
[Site "Reykjavik"]
[Date "2025.04.15"]
[Round "9.197"]
[White "Fisker, Bo Top"]
[Black "Sverrisson, Dagur"]
[Result "0-1"]
[WhiteElo "1451"]
[WhiteFideId "2330911"]
[BlackElo "1444"]
[BlackFideId "2326175"]
[Variant "Standard"]
[StudyName "ROpen 2025 - Rd9 - Boards 173-END"]
1. e4 e5 2. Nf3 Nc6 3. Bc4 Nf6 4. Ng5 d5 5. exd5 b5 6. Bb3 { [%csl Gb3,Bd5,Bg2,Bb7][%cal Gc6d4,Gd4b3,Bd8d5,Bd5g2,Bc8b7] } 6... Nxd5 7. d3 h6 8. Ne4 { [%csl Gb3,Gb7][%cal Gc6d4,Gd4b3,Gc8b7] } 8... Be6 9. Nbc3 Nxc3 10. Nxc3 Bxb3 11. axb3 { [%csl Gb4,Gf8,Ge7,Gg8,Gf5][%cal Gb5b4,Gf8e7,Ge8g8,Gf7f5] } 11... Bb4 12. Bd2 O-O 13. O-O Rb8 14. Qg4 Bxc3 15. Bxc3 b4 16. Bd2 { [%csl Gh8][%cal Gg8h8] } 16... Qf6 17. Qc4 a5 18. c3 Rfd8 19. Be3 Rd6 20. f4 bxc3 21. bxc3 Qe6 22. Qxe6 Rxe6 23. Rab1 Rd8 24. Rbd1 Rb8 25. Rb1 Rd6 26. Rfd1 Rbd8 27. fxe5 Rxd3 28. Bd4 Nxd4 29. Rxd3 Ne2+ 30. Kf2 Rxd3 31. Kxe2 Rxc3 32. Kd2 Rc6 33. Rc1 { [%cal Gc6c1] } 33... Rb6 34. Rc3 Rb7 35. Kd3 Kf8 36. Kd4 Ke7 37. Kc5 Rb6 38. Rd3 Rg6 39. g3 Ke6 40. Kc6 Kxe5+ 41. Kxc7 Kf5 42. Rd5+ Kg4 43. Rxa5 Kh3 44. Rh5+ Kg4 45. Rd5 Kh3 46. Rh5+ Kg4 47. Ra5 Kh3 48. Ra2 Rg4 49. Rb2 Rb4 50. Kd6 h5 51. Kc5 Rb7 52. b4 h4 53. b5 hxg3 54. hxg3 Kxg3 55. Kc6 Rb8 56. b6 f5 57. Kc7 Rf8 58. b7 f4 59. b8=Q Rxb8 60. Rxb8 g5 61. Kd6 f3 62. Rb3 g4 63. Ke5 Kg2 64. Kf4 f2 65. Kxg4 f1=Q 66. Rb2+ Kg1 67. Kg3 Qd3+ 68. Kg4 Qd4+ 69. Kf5 Qxb2 70. Kf4 Qb5 71. Ke4 Kg2 72. Kd4 Kf3 73. Kc3 Qa4 74. Kd3 Qh4 75. Kc2 Qh3 76. Kd2 Kf2 77. Kc2 Ke2 78. Kb1 Qd3+ 79. Kc1 Qd2+ 80. Kb1 Kd3 81. Ka1 Kc3 82. Kb1 Qb2# 0-1